Central Library OPAC University of Rajshahi

Psychology of adjustment / (Record no. 29019)

MARC details
000 -LEADER
fixed length control field 00790nam a2200277 4500
001 - CONTROL NUMBER
control field 29019
003 - CONTROL NUMBER IDENTIFIER
rucl marc code BD-RjUL
005 - DATE AND TIME OF LATEST TRANSACTION
control field 20211209051348.0
008 - FIXED-LENGTH DATA ELEMENTS--GENERAL INFORMATION
fixed length control field 830407s19841986caua b 001 0 eng d
020 ## - INTERNATIONAL STANDARD BOOK NUMBER
International Standard Book Number 0534010318
035 ## - SYSTEM CONTROL NUMBER
System control number (BD-RjUL)
040 ## - CATALOGING SOURCE
Original cataloging agency DLC
Transcribing agency DLC
Modifying agency BD-RjUL
Language of cataloging eng
041 ## - LANGUAGE CODE
Language code of text/sound track or separate title eng
082 00 - DEWEY DECIMAL CLASSIFICATION NUMBER
Classification number 155.24
Author mark and year KAP 1984
100 1# - MAIN ENTRY--PERSONAL NAME
Personal name Kaplan, Paul S.
9 (RLIN) 88645
245 10 - TITLE STATEMENT
Title Psychology of adjustment /
Statement of responsibility, etc. Paul S. Kaplan, Jean Stein.
260 ## - PUBLICATION, DISTRIBUTION, ETC. (IMPRINT)
Place of publication, distribution, etc. Belmont, Calif. :
Name of publisher, distributor, etc. Wadsworth Pub. Co.,
Date of publication, distribution, etc. 1984
300 ## - PHYSICAL DESCRIPTION
Pagination xviii, 446 p. :
Illustrations ill. ;
Size 25 cm.
500 ## - GENERAL NOTE
General note Includes indexes.
504 ## - BIBLIOGRAPHY, ETC. NOTE
Bibliography, etc Bibliography: p. [409]-428.
650 #0 - SUBJECT ADDED ENTRY--TOPICAL TERM
Topical term or geographic name as entry element Adjustment (Psychology)
9 (RLIN) 3962
700 1# - ADDED ENTRY--PERSONAL NAME
Personal name Stein, Jean,
Dates associated with a name 1947-
942 ## - ADDED ENTRY ELEMENTS (KOHA)
Source of classification or shelving scheme Dewey Decimal Classification
Koha item type Books
Holdings
Lost status Source of classification or shelving scheme Damaged status Not for loan Collection code Permanent Location Current Location Shelving location Date acquired Source of acquisition Total Checkouts Full call number Date last seen Copy number Koha item type
  Dewey Decimal Classification   Added to bundle Non-fiction Central Library, University of Rajshahi Central Library, University of Rajshahi Reading Room 02/11/1992 Asia foundation   155.24 KAP 1984 02/04/2014 C-1 Books